Conference on Engineering and Architecture Design Education EADE 2024 book of abstracts

Bibliographic Details
Corporate Author: Conference on Engineering and Architecture Design Education EADE Bratislava, Slovensko (Author)
Other Authors: Štefancová, Lucia, 1985- (Editor, Reviewer), Macháčová, Klára (Editor, Reviewer), Suchá, Lucia (Editor), Görner, Karol, 1987- (Reviewer), Hain, Vladimír (Reviewer), Pifko, Henrich, 1959- (Reviewer), Kováč, Matej, 1983- (Photographer)
Format: Conference Proceeding Software eBook
Language:English
PhysicalDescription:1 CD-ROM 12 cm
Published: Bratislava SPEKTRUM STU 2024
ISBN:9788022754170
Edition:1st edition
Subjects:

MARC

LEADER 00000nam a2200000 4500
001 vtls012263934
003 SK-MaSNL
005 20260426003954.0
007 co cg auuua
008 240920t2024 xo daolfsa 100 0 eng
020 |a 9788022754170  |q (elektronická kniha) 
040 |a SNK  |b slo  |c SNK  |e rda 
041 0 |a eng 
044 |a xo  |c SK 
072 7 |a 72  |x Architektúra  |2 konspekt 
080 |a 72  |2 2011 
080 |a (062.534)  |2 2011 
080 |a (0.034.44)  |2 2011 
080 |a (0.034.2)  |2 2011 
080 |a 62  |2 2011 
080 |a 37.01/.09  |2 2011 
080 |a (048.3)  |2 2011 
080 |a 7.05  |2 2011 
111 2 |a Conference on Engineering and Architecture Design Education EADE  |d (2024 :  |c Bratislava, Slovensko)  |4 aut  |9 625110 
245 1 0 |a Conference on Engineering and Architecture Design Education EADE 2024  |b book of abstracts  |c editors: Lucia Štefancová, Klára Macháčová, Lucia Suchá 
246 3 0 |a EADE 2024 
250 |a 1st edition 
264 1 |a Bratislava  |b SPEKTRUM STU  |c 2024 
300 |a 1 CD-ROM  |c 12 cm 
336 |a text  |b txt  |2 rdacontent 
337 |a počítač  |b c  |2 rdamedia 
338 |a počítačový disk  |b cd  |2 rdacarrier 
347 |a textový súbor  |b PDF  |c 59,9 MB  |2 rda 
500 |a Názov z titulnej obrazovky 
500 |a Vydavateľ Slovenská technická univerzita v Bratislave, Fakulta architektúry a dizajnu vo Vydavateľstve SPEKTRUM STU 
650 0 7 |a architektúra  |2 SNKPH  |9 722 
650 0 7 |a inžinierstvo  |2 SNKPH  |9 66770 
650 0 7 |a dizajn  |2 SNKPH  |9 762 
650 0 7 |a vzdelávanie  |2 SNKPH  |9 4033 
650 0 7 |a Architecture  |2 SNKPHeng  |9 266226 
650 0 7 |a Engineering  |2 SNKPHeng  |9 73318 
650 0 7 |a Design  |2 SNKPHeng  |9 267116 
650 0 7 |a Education  |2 SNKPHeng  |9 265320 
655 7 |a zborníky konferencií  |2 SNKPH  |9 70153 
655 7 |a CD-ROM  |2 SNKPH  |9 70236 
655 7 |a Electronic resources  |2 SNKPHeng  |9 175546 
655 7 |a elektronické zdroje  |2 SNKPH  |9 90954 
655 7 |a Proceedings of conferences  |2 SNKPHeng  |9 265791 
655 7 |a abstrakty  |2 SNKPH  |9 22516 
655 7 |a Abstracts  |2 SNKPHeng  |9 275616 
700 1 |a Štefancová, Lucia,  |d 1985-  |4 edt  |4 rev  |9 249107 
700 1 |a Macháčová, Klára  |4 edt  |4 rev  |9 625111 
700 1 |a Suchá, Lucia  |4 edt  |4 bkd  |9 372925 
700 1 |a Görner, Karol,  |d 1987-  |4 rev  |9 249108 
700 1 |a Hain, Vladimír  |4 rev  |9 570725 
700 1 |a Pifko, Henrich,  |d 1959-  |4 rev  |9 223453 
700 1 |a Kováč, Matej,  |d 1983-  |4 pht  |9 259682 
710 2 |a Slovenská technická univerzita v Bratislave.  |b Fakulta architektúry a dizajnu  |4 pbl  |9 213913 
919 |a 978-80-227-5417-0 
958 |a NB 
999 |c 960258  |d 962188 
952 |a SNK  |b SNK  |y NEVYP  |7 1  |p 17A1537516  |o snkSCDM 13879  |i snk2025/16211  |8 0  |0 0  |1 0  |4 0  |d 2025-10-13  |l 0  |r 2026-02-24 10:16:52  |w 2026-02-24